| 000 | 00395cam a22001097a 4500 | ||
|---|---|---|---|
| 008 | 180718b xxu||||| |||| 00| 0 eng d | ||
| 082 | _aQ1x5434 51 | ||
| 245 |
_aFirst five year plan: an appraisal _cby Directorate of Economics and Statistics, Rajasthan |
||
| 260 |
_aRajasthan _bDirectorate of Economics and Statistics _c |
||
| 300 | _a30p. | ||
| 700 | _aRajasthan. Directorate of Economics and Statistics | ||
| 999 |
_c495102 _d495102 |
||